000 00817cab a2200265 4500
001 ABS54962
008 090401t1996 xxu||||| |||| 00| 0 eng d
035 _a(Sirsi) u13383
041 _aeng
100 _aCoombes, R.
245 _aDividends of division
260 _c1996
350 _a0
490 _aInside Housing
_v13(15) 19 April 1996, 13(1)
520 _aLooks at the problems peace in Northern Ireland would hold for a social housing system born out of the troubles and geared around the segregation of the Catholic and Protestant communities.
650 _aCEASEFIRE
650 _aNORTHERN IRELAND HOUSING EXECTIVE
650 _aNORTHERN IRELAND
650 _aPEACE DIVIDEND
650 _aSEGREGATION
650 _aSOCIAL HOUSING
690 _aHOUSING
942 _n0
948 _c04/03/1997
999 _c8630
_d8630